वाजिद अली शाह (Record no. 7005)

MARC details
000 -LEADER
fixed length control field 01077 a2200241 4500
005 - DATE AND TIME OF LATEST TRANSACTION
control field 2008091203153.0
008 - FIXED-LENGTH DATA ELEMENTS--GENERAL INFORMATION
fixed length control field 080912t xxu||||| |||| 00| 0 hin d
010 ## - LIBRARY OF CONGRESS CONTROL NUMBER
LC control number HIN-80734
020 ## - INTERNATIONAL STANDARD BOOK NUMBER
International Standard Book Number 8121402026
Terms of availability 250.00
035 ## - SYSTEM CONTROL NUMBER
System control number HN-53080
037 ## - SOURCE OF ACQUISITION
Source of stock number/acquisition D.B.Act / pub
082 ## - DEWEY DECIMAL CLASSIFICATION NUMBER
Classification number
100 ## - MAIN ENTRY--PERSONAL NAME
Personal name सागर,आनन्द
245 ## - TITLE STATEMENT
Title वाजिद अली शाह
Statement of responsibility, etc आनन्द सागर
246 ## - VARYING FORM OF TITLE
Title proper/short title Wajeed Ali Shah
Remainder of title by Aanand Sagar
260 ## - PUBLICATION, DISTRIBUTION, ETC. (IMPRINT)
Place of publication, distribution, etc नयी दिल्ली
Name of publisher, distributor, etc नेशनल पब्लिशिंग हाउस
Date of publication, distribution, etc 2006
270 ## - ADDRESS
Address 2/35 अंसारी रोड,दरियागंज
City जयपुर
Fax number 011-23254407
Electronic mail address sales@nationalpublishinghouse.com
300 ## - PHYSICAL DESCRIPTION
Extent 218पृ
Dimensions 23 सेमी (सजिल्द)
650 ## - SUBJECT ADDED ENTRY--TOPICAL TERM
Topical term or geographic name as entry element हिन्दी उपन्यास
650 ## - SUBJECT ADDED ENTRY--TOPICAL TERM
Topical term or geographic name as entry element Hindi Novel
942 ## - ADDED ENTRY ELEMENTS (KOHA)
Institution code [OBSOLETE] dpl
Koha item type Hindi Books
Call number prefix उ / सागर
Source of classification or shelving scheme Dewey Decimal Classification
Classification part
Call number suffix सागर
Holdings
Withdrawn status Lost status Damaged status Not for loan Home library Current library Date acquired Cost, normal purchase price Total Checkouts Full call number Barcode Date last seen Copy number Uniform Resource Identifier Cost, replacement price Price effective from Koha item type
        D.B.Act.Division D.B.Act.Division 12/09/2008 250.00   उ सागर HN-53080 15/09/2008 1 7517 250.00 15/09/2008 Hindi Books

© Delhi Public Library
Hit Counter
free hit counter